Normal view
MARC view
- التمويل-البنوك الاسلامية-التنمية المستدامة
Entry Topical Term
001 - CONTROL NUMBER
- control field: 59331
003 - CONTROL NUMBER IDENTIFIER
- control field: JO-AjAnu
005 - DATE AND TIME OF LATEST TRANSACTION
- control field: 20230606083713.0
008 - FIXED-LENGTH DATA ELEMENTS
- fixed length control field: 230606|| aca||aabn | a|a d
040 ## - CATALOGING SOURCE
- Original cataloging agency: JO-AjAnu
- Transcribing agency: JO-AjAnu
150 ## - HEADING--TOPICAL TERM
- Topical term or geographic name entry element: التمويل-البنوك الاسلامية-التنمية المستدامة
670 ## - SOURCE DATA FOUND
- Source citation: Work cat.: (JO-AjAnu)30261: اعداد الخرابشة، ناجح سليمان سالم؛ مشرف رئيسي محمد طعمة القضاة، مشرف مساعد قاسم موسى ابو عيد, author 59330, السياسة التمويلية للبنوك الاسلامية الاردنية واثرها على التنمية الاجتماعية المستدامة = The Financial Policy of Jordanian Islamic Banks and Its Impact on Social Sustainable Develoment